TCP/IP protocol suite / (Record no. 532)

MARC details
000 -LEADER
fixed length control field 01022cam a22003014a 4500
001 - CONTROL NUMBER
control field 12700826
003 - CONTROL NUMBER IDENTIFIER
control field OSt
005 - DATE AND TIME OF LATEST TRANSACTION
control field 20250420134814.0
008 - FIXED-LENGTH DATA ELEMENTS--GENERAL INFORMATION
fixed length control field 020312s2003 iaua b 001 0 eng
010 ## - LIBRARY OF CONGRESS CONTROL NUMBER
LC control number 2002024414
020 ## - INTERNATIONAL STANDARD BOOK NUMBER
International Standard Book Number 9780071199629
040 ## - CATALOGING SOURCE
Original cataloging agency DLC
Transcribing agency KCST
042 ## - AUTHENTICATION CODE
Authentication code pcc
050 00 - LIBRARY OF CONGRESS CALL NUMBER
Classification number TK5105.585
Item number .F67 2003
082 00 - DEWEY DECIMAL CLASSIFICATION NUMBER
Classification number 004.62
Edition information 21
Item number Fo Tc
100 1# - MAIN ENTRY--PERSONAL NAME
Personal name Forouzan, Behrouz A.
9 (RLIN) 1213
245 10 - TITLE STATEMENT
Title TCP/IP protocol suite /
Statement of responsibility, etc. Behrouz A. Forouzan with Sophia Chung Fegan.
250 ## - EDITION STATEMENT
Edition statement 2nd ed.
260 ## - PUBLICATION, DISTRIBUTION, ETC.
Place of publication, distribution, etc. Boston :
Name of publisher, distributor, etc. McGraw-Hill,
Date of publication, distribution, etc. c2003.
300 ## - PHYSICAL DESCRIPTION
Extent xxxiv, 942 p. :
Other physical details ill. (some col.) ;
Dimensions 24 cm.
440 #0 - SERIES STATEMENT/ADDED ENTRY--TITLE
Title McGraw-Hill Forouzan networking series
9 (RLIN) 1214
504 ## - BIBLIOGRAPHY, ETC. NOTE
Bibliography, etc. note Includes bibliographical references (p. 907) and index.
650 #0 - SUBJECT ADDED ENTRY--TOPICAL TERM
Topical term or geographic name entry element TCP/IP (Computer network protocol)
9 (RLIN) 1291
856 42 - ELECTRONIC LOCATION AND ACCESS
Materials specified Publisher description
Uniform Resource Identifier <a href="http://www.loc.gov/catdir/description/mh022/2002024414.html">http://www.loc.gov/catdir/description/mh022/2002024414.html</a>
856 41 - ELECTRONIC LOCATION AND ACCESS
Materials specified Table of contents
Uniform Resource Identifier <a href="http://www.loc.gov/catdir/toc/mh021/2002024414.html">http://www.loc.gov/catdir/toc/mh021/2002024414.html</a>
942 ## - ADDED ENTRY ELEMENTS (KOHA)
Koha item type Book
942 ## - ADDED ENTRY ELEMENTS (KOHA)
Source of classification or shelving scheme Dewey Decimal Classification
Holdings
Withdrawn status Lost status Source of classification or shelving scheme Damaged status Not for loan Home library Current library Date acquired Source of acquisition Cost, normal purchase price Total checkouts Full call number Barcode Date last seen Price effective from Koha item type
    Dewey Decimal Classification     KCST Library KCST Library 29/07/2020 Unknown 0.00   004.62 Fo Tc 1000000442 29/07/2020 29/07/2020 Book
© 2025 KCST. All rights reserved